MDQL
is popping MORE tags! Check the
thread
!
Quizzes
Events
Quiz Creation
Community
Videos
Private Events
Remove Ads
Sign In
Join for FREE
Feedback
Dark Mode
Quiz Categories
Sports
Geography
Music
Movies
Television
Just For Fun
Miscellaneous
History
Literature
Language
Science
Gaming
Entertainment
Religion
Holiday
For Kids
Quiz Lab
Recent
Popular Today
Quiz Kudos Today
Editor Picks
Curator Picks
Quizzes by...
Day
Popularity
Type
Ratings
Length
Year
Community
Subscriptions
Recent Discussions
Orange Saloon
Badges
Playlists
Quests
Create
Leaderboards
Showdown
Live 5
Trivia Bingo
Activity
Puzzle Library
Sporcle Events
Private Events
Virtual Trivia
Globe League
Become a Host
Pub Owners
SporcleCon
Opinionation
Our Games
Videos
Blog
Mobile Apps
Partnerships
Remove Ads and Go Orange
Feedback
Geography
Country
Landmarks
City
State
Population
World
Capital
Continent
Flags
Europe
Africa
Asia
South America
North America
Oceania
Border
Canada
United Kingdom
Topography
United States
Geography
Country
Landmarks
City
State
Population
World
Capital
Continent
Flags
Europe
Africa
Asia
South America
North America
Oceania
Border
Canada
United Kingdom
Topography
United States
Random Quiz
Search Sporcle
×
Quiz Lab
Quiz Lab
Geography
Type in answers that appear in a list
Type in answers that appear in a list
Classic
Best Score? Go Orange.
15 to 1 (Geography) Stats
Geography by numbers
By
andrewfleming
12m
120 Questions
930 Plays
930 Plays
930 Plays
Comments
Comments
Give Quiz Kudos
Give Quiz Kudos
-
- Ratings
hide this ad
Replay
Link that replays current quiz
Next Quiz
Link to next quiz in quiz playlist
You Got
0%
They Got
Avg Score
50%
Avg Friend Score
Upgrade to see
Score Distribution
Jump to the score distribution portion of the page
Score
0/120
Timer
12:00
0
Plays Today
Requirement
Answer
% Correct
5
UK
95.7%
15
Ukraine
93.2%
15
Latvia
89%
15
Lithuania
88.1%
15
Estonia
88%
15
Belarus
87.7%
15
Georgia
87.2%
15 countries that were part of the USSR
Russia
85.5%
10 largest islands in the world
Australia
84.9%
5
Australia
84.9%
15
Kazakhstan
83%
7 largest Australian cities
Sydney
82.5%
15
Turkmenistan
81.2%
6
Vatican
81%
15
Uzbekistan
80.8%
15
Azerbaijan
79.8%
15
Armenia
79.6%
5
New Zealand
79.4%
13
Monaco
78.2%
6
Monaco
78.2%
15
Tajikistan
78%
6
San Marino
77.8%
2 Dutch speaking countries
Netherlands
77.7%
13
Andorra
77.6%
6
Andorra
77.6%
14
Utah
76.6%
15
Moldova
76.6%
14
Kansas
76.3%
15
Kyrgyzstan
76.1%
6 European countries smaller than Luxembourg
Liechtenstein
75.8%
7
Melbourne
75.6%
14 landlocked states that don't border Canada or Mexico
Nevada
75.5%
14
Colorado
75.2%
10
Greenland
74.9%
14
Tennessee
74.6%
14
Kentucky
74.2%
14
South Dakota
73.6%
14
Iowa
72.2%
14
Arkansas
72.1%
8 countries to border Zambia
Zimbabwe
72%
Requirement
Answer
% Correct
7
Perth
71.7%
14
Nebraska
71.5%
6
Malta
70.6%
14
Missouri
70.1%
10
Madagascar
69.9%
14
Wyoming
69.4%
14
Oklahoma
69%
14
West Virginia
68.8%
7
Canberra
68.6%
4 largest Greek islands
Crete
62.2%
8
Botswana
60.5%
8
Mozambique
59.4%
7
Adelaide
59.2%
5 countries with a Union Flag on their flag
Fiji
59.1%
8
Angola
59%
8
Namibia
58.8%
8
Tanzania
58.7%
7
Brisbane
55.8%
13
South Sudan
55.2%
8
Malawi
55%
8
DRC
54.6%
10
Borneo
46.3%
13
Tuvalu
45.5%
5
Tuvalu
45.5%
13 most recently admitted full members of the UN
Serbia
45.2%
2
Suriname
45%
9
Catalonia
43.3%
9
Madrid
42.2%
13
Montenegro
41.6%
10
Honshu
38%
4
Rhodes
37.9%
3 regions of Belgium
Flanders
35.7%
10
Sumatra
34.7%
13
Tonga
34.6%
12
Westminster
33.9%
10
Great Britain
33.7%
9
Basque
33.1%
13
Nauru
32.6%
13
Palau
31.4%
13
Kiribati
31%
Requirement
Answer
% Correct
9
Valencia
28.9%
4
Lesbos
28.8%
7
Gold Coast
28.3%
10
Baffin
28.2%
10
New Guinea
27.9%
13
Switzerland
25.8%
9 most populated autonomous communities of Spain
Andalusia
23.6%
12
Camden
22.2%
10
Victoria
22.1%
13
Eritrea
21.9%
3
Brussels
21.9%
12
Hackney
21.8%
12 inner city London boroughs
Tower Hamlets
21.6%
1 countrt that has dzongkha as an official language
Bhutan
20.9%
12
Islington
20.4%
11 counties of Leinster
Dublin
20.4%
12
Lambeth
20%
13
East Timor
18.6%
12
Southwark
18.2%
9
Galicia
18.2%
12
Kensington and Chelsea
18.1%
11
Wexford
17.4%
12
Wandsworth
16.3%
4
Euboea
16%
12
Greenwich
15.9%
3
Walloonia
15.4%
11
Wicklow
14.7%
11
Meath
14.6%
12
Lewisham
14.5%
12
Hammersmith and Fulham
14.3%
11
Kilkenny
14.2%
9
Canary Islands
13.9%
11
Westmeath
13.8%
11
Louth
13.4%
11
Carlow
13.1%
11
Offaly
12.9%
11
Longford
12.7%
11
Kildare
12.3%
9
Castilla la Mancha
10.8%
9
Castilla and Leon
10.7%
Quiz Playlist
Details
Report
Send in Message
Add To Playlist
Classic:
Type in answers that appear in a list
Last Updated: Mar 16, 2017
Quiz Scoreboard
CHALLENGE
Sign Up to Join the Scoreboard
Show All
Scores
Hide
Comments
May contain spoilers
Recently Published
Two Season TV Shows II
by 123Four
Television
10m
Image Sorting: Flags VI
by Barbecue
Geography
2m
Find the 'City' Movie
by crazypaving
Movies
60s
More to Explore
Quiz From the Vault
Featured Blog Post
14 Easter Pick-up Lines to Find Eggs With
hide this ad
You Might Also Like...
Tags
This quiz does not have any tags.
Today's Top Quizzes in Geography
Browse Geography
hide this ad
Top Contributed Quizzes in Geography
1
Colored Red Europe Blitz I
2
Countries of the World - No Outlines Minefield
3
Colored Red Africa Blitz II
4
Colored Red Europe Blitz II
5
Colored Red Europe Blitz III
6
Colored Red Africa Blitz III
7
Colored Red States Blitz I
8
Colored Red States Blitz II
9
Colored Red States Blitz III
10
A Different View: World Oceans
Explore More
Trending Topics
Anime
Disney
Harry Potter
Marvel
Crossword
Kpop
NBA
Pokémon
Puzzle
WWE
Country
The Office
Soccer
NFL
Song
hide this ad
More By:
andrewfleming
Quiz
Plays
Rating
Category
Featured
Created
15 to 1 (Geography)
930
1.33
Geography
Mar 12, 2017
Game of thrones character list
561
2.17
Television
Jun 27, 2017
Game of Thrones every character
402
1.83
Television
Jun 23, 2017
12 Angry Men (Not guilty to guilty)
329
Movies
Mar 15, 2017
Countries that no longer exist
279
4.86
Geography
Apr 12, 2017
Go to Creator's Profile
Score Distribution
Quiz Creator Spotlight
andrewfleming
Follow
Send a Message
Quizzes Created
-
Created Quiz Play Count
-
More By This Creator
Popular Quizzes Today
1
Find the US States - No Outlines Minefield
2
Colored Red Africa Blitz
3
Find the 'City' Movie
4
5x2 Blitz: Bands
5
The Countries of the World
6
Find the Countries of Europe - No Outlines Minefield
7
Find the US States
8
US States
More Geography Quizzes
On A Map: Europe (German/Deutsch)
Quiz Lab
Trending Quizzes
Colored Red Europe Blitz I
Colored Red Africa Blitz II
Colored Red Europe Blitz II
Colored Red Africa Blitz III
Even More Two Season TV Shows
Recently Updated
March Madness Men's Triple Doubles
pecheneg
How Do You Spell That?
pecheneg
Godzilla Movies
pecheneg
Grab Bag: 4-10 Letters
pecheneg
2024 March Madness Bracket
pecheneg
Famous TV Couples
Peacemaker
Champions League XIs: Real Madrid
pecheneg
Largest US Cities 1790-2010
pecheneg
Rides in Walt Disney World
pecheneg
Most Oscar Losses (Acting)
pecheneg
Trending Topics
Kpop
NBA
Anime
Harry Potter
Marvel
Crossword
Disney
NFL
Song
Pokémon
Soccer
Puzzle
Country
WWE
The Office
Your Account Isn't Verified!
In order to create a playlist on Sporcle, you need to verify the email address you used during registration. Go to your
Sporcle Settings
to finish the process.
Report this User
Report this user for behavior that violates our
Community Guidelines
.
Details:
Send Report
Go to the Sporcle.com Mobile Site →
Comments